000 00334nam a2200145Ia 4500
003 OSt
005 20240301102511.0
008 170524s9999 xx 000 0 und d
020 _a978-8126124503
040 _ciimtu meerut
100 _aKUNDRA S
245 0 _aEDITING TECHNIQUES
260 _bANMOL PUB. : NEW DELHI
942 _2ddc
_c02
999 _c9224
_d9224